2003-大月市(山梨県)の駅 - Statistics

General Stats
  • This quiz has been taken 5 times
  • The average score is 5 of 7
Answer Stats
Answer % Correct
大月
100%
梁川
80%
猿橋
80%
上大月
80%
鳥沢
60%
初狩
60%
笹子
60%
No matching quizzes found
Score Distribution
Percent of People with Each Score
Percentile by Number Answered
Your Score History
You have not taken this quiz